[Event "25th Abu Dhabi Master 2018"]
[Site "Abu Dhabi"]
[Date "2018.08.07"]
[Round "1"]
[White "Aronyak, Ghosh"]
[Black "Short, Nigel D"]
[Result "0-1"]
[WhiteElo "2318"]
[BlackElo "2659"]
[Annotator "TA"]
[PlyCount "142"]
[EventDate "2018.08.05"]
[EventType "swiss"]
[EventCountry "UAE"]
[SourceTitle "playchess.com"]
[Source "ChessBase"]
[SourceQuality "1"]

{[%evp 21,142,-1,12,9,13,0,21,6,15,6,15,8,10,-16,-12,-22,-22,-18,-17,-17,-10,-21,-10,-61,-55,-54,-20,-83,-79,-109,-89,-87,-77,-273,-284,-291,-141,-141,-135,-170,-177,-172,-127,-127,-127,-127,-131,-156,-137,-141,-115,-145,-104,-160,-150,-181,-169,-183,-186,-189,-172,-250,-245,-301,-292,-301,-293,-287,-161,-175,-175,-174,-174,-187,-173,-281,-187,-180,-180,-187,-187,-187,-187,-187,-178,-188,-171,-227,-237,-298,-283,-256,-281,-284,-256,-256,-263,-418,-370,-410,-256,-256,-256,-256,-256,-256,-256,-702,-693,-653,-651,-677,-673,-554,-509,-436,-408,-435,-448,-1494,-870,-887,-876]} 1. d4 Nf6 2. Bf4 b6 3. Nf3 Bb7 4. e3 g6 5. c4 Bg7 6. Nc3 O-O 7. Be2 d6 8. h3 Nbd7 9. O-O Ne4 10. Nxe4 Bxe4 11. Bg3 {E61: King's Indian: Early deviations for White, including Smyslov System} c5 {LiveBook: 5 Games} 12. Qb3 $146 ({Predecessor:} 12. Qd2 cxd4 13. Nxd4 Rc8 14. Rac1 Nc5 15. b4 Ne6 16. Nxe6 fxe6 17. Rfd1 Qe8 18. Bg4 Qf7 {0-1 (42) Parligras,M (2594)-Wei,Y (2649) Bazna 2014}) 12... Nf6 13. Rfd1 {The position is equal.} Qc7 14. Rac1 Bb7 15. d5 Ne4 16. Bh2 e5 17. Qc2 f5 {[%cal Bf7f5,Bf5f4][%mdl 32]} 18. a3 Rae8 19. b4 Bc8 20. Nd2 Ng5 21. f3 Qe7 22. Nf1 (22. Nb1 $11) 22... f4 $15 23. e4 Bf6 24. Kf2 (24. Rb1 $11 {keeps the balance.}) 24... Nf7 25. Nd2 Bh4+ 26. Kf1 Ng5 27. Bd3 $2 {[#]} (27. bxc5 $17 bxc5 28. Kg1) 27... Nxh3 $1 $19 {[%mdl 512]} 28. Nb3 (28. gxh3 Qg5) 28... Ng5 (28... Nf2 $19 {is more deadly.} 29. Rd2 Nxd3 30. Qxd3 g5 31. bxc5 bxc5) 29. Ke2 $17 Nf7 30. Kd2 Bf2 31. Bg1 Bxg1 32. Rxg1 Bd7 33. b5 {[#]} a6 $1 {[%mdl 512]} 34. Kc3 (34. bxa6 Ra8) 34... Ra8 35. a4 a5 36. Qf2 Qf6 37. Rh1 (37. g4 $142) 37... Kg7 38. Rh2 h5 39. Rch1 Rh8 40. Be2 Rh6 $1 41. Nc1 {[#]} (41. Kc2 {keeps fighting.}) 41... Rah8 $1 $19 42. Qe1 g5 43. Nd3 R8h7 44. Nf2 {[#]} Nh8 (44... g4 $142 $1 {[%mdl 512]} 45. fxg4 hxg4 46. Rxh6 Nxh6) 45. Qd1 Ng6 {[%cal Bh8g6,Bg6e7,Be7g8,Bg8f6][%mdl 32]} 46. Kc2 Ne7 47. Kb3 Ng8 48. Qb1 (48. Qg1 $142) 48... Qg6 49. Qd1 Nf6 50. Qb1 Kf8 51. Kb2 Rg7 52. Qd1 Rh8 {[%cal Bh6h8,Bh8g8,Bg8g5,Bg5g3][%mdl 32]} 53. Bd3 Rhg8 54. Qe2 (54. Be2 {was worth a try.}) 54... g4 {aiming for ...g3.} 55. Rh4 Qf7 56. Qf1 gxf3 57. gxf3 Rg3 58. Be2 R8g5 59. Nd3 (59. Qd1 $142) 59... Qg6 60. Ne1 Rg1 61. Qf2 R5g3 62. Bf1 Rxh1 63. Rxh1 Qg5 64. Ng2 $2 (64. Rh2) 64... Rh3 65. Rxh3 Bxh3 66. Nxf4 Qxf4 67. Bxh3 {[#] If only White now had time for Qg2....} Nxe4 $1 {[%mdl 512]} 68. Qc2 (68. fxe4 Qxf2+) 68... Ng5 69. Qg6 e4 {[%cal Be5e4,Be4f3][%mdl 32] Black is clearly winning.} (69... Nxh3 $2 70. Qxd6+ Kg7 71. Qc7+ Qf7 72. Qxb6 $19) ({Much less strong is} 69... Qd2+ 70. Kb1 $19) 70. Be6 (70. Qh6+ $142 Ke7 71. Kc2) 70... exf3 71. Qh6+ Ke7 {Precision: White = 34%, Black = 73%.} 0-1

[Event "25th Abu Dhabi Master 2018"]
[Site "Abu Dhabi"]
[Date "2018.08.07"]
[Round "1"]
[White "Sammed Jaykumar, Shete"]
[Black "Kravtsiv, Martyn"]
[Result "0-1"]
[WhiteElo "2314"]
[BlackElo "2654"]
[Annotator "TA"]
[PlyCount "72"]
[EventDate "2018.08.05"]
[EventType "swiss"]
[EventCountry "UAE"]
[SourceTitle "playchess.com"]
[Source "ChessBase"]
[SourceQuality "1"]

{[%evp 19,72,14,16,10,42,35,35,11,8,0,9,6,13,10,12,16,25,25,18,18,17,23,21,24,24,14,10,0,12,-7,-4,-56,-51,-49,-62,-46,-3,-5,0,0,0,0,0,-6,-12,-19,-12,-131,-153,-382,-379,-29981,-12842,-29990,-29991]} 1. e4 e5 2. Nf3 Nc6 3. Bb5 {[%cal Bf1b5,Bb5a4,Ba4b3,Bb3a2][%mdl 32]} a6 4. Ba4 Nf6 5. d3 b5 6. Bb3 Be7 7. a4 b4 {C77: Ruy Lopez: 3...a6 4 Ba4 Nf6, unusual lines} 8. Nbd2 d6 9. O-O Na5 10. Ba2 O-O {LiveBook: 17 Games} 11. Nc4 c5 12. Nxa5 $146 ({Predecessor:} 12. c3 Nc6 13. Bg5 Rb8 14. Ne3 Be6 15. Bc4 Bxc4 16. Nxc4 {1-0 (52) Tari,A (2584)-Dubov,D (2660) Doha 2016}) 12... Qxa5 13. h3 Qc7 14. Qe2 Be6 15. Bxe6 fxe6 16. Bg5 Rf7 17. c3 Qb7 18. cxb4 Qxb4 19. Bd2 Qb3 20. Ng5 Rff8 21. Bc3 Nd5 22. exd5 Bxg5 23. dxe6 Rae8 {[%cal Ba8e8,Be8e6,Be6g6][%mdl 32]} 24. Qg4 Bf4 25. g3 (25. Qd1 $1 $11 Qxe6 26. b4) 25... Rxe6 $15 26. Kh2 Rg6 27. Qe2 $1 Qb7 28. Rab1 Qc6 29. b4 cxb4 30. Bxb4 Bg5 31. Qe4 Qxa4 32. Qd5+ Kh8 33. h4 {[#]} ({Don't blunder} 33. Bxd6 $2 Qd7 $19) (33. Rb2 $11) 33... Bxh4 $1 $17 {Strongly threatening ...Qc2.} 34. gxh4 $2 {[#]} (34. Rb2 $17 {might work better.}) 34... h5 $1 $19 35. Rg1 $2 (35. Rbc1 $19 Qxb4 36. Qe4 Qxe4 37. dxe4) 35... Rxf2+ 36. Kh1 Qd7 {Precision: White = 47%, Black = 73%.} 0-1

[Event "25th Abu Dhabi Master 2018"]
[Site "Abu Dhabi"]
[Date "2018.08.07"]
[Round "1"]
[White "Eric, Jovana"]
[Black "Maghsoodloo, Parham"]
[Result "0-1"]
[WhiteElo "2307"]
[BlackElo "2636"]
[Annotator "TA"]
[PlyCount "50"]
[EventDate "2018.08.05"]
[EventType "swiss"]
[EventCountry "UAE"]
[SourceTitle "playchess.com"]
[Source "ChessBase"]
[SourceQuality "1"]

{[%evp 12,50,40,20,33,33,39,20,21,0,48,7,60,16,20,34,23,0,2,-20,-14,-80,-73,-75,-83,-82,-66,-139,-131,-193,-204,-220,-197,-377,-345,-389,-364,-388,-401,-581,-394]} 1. e4 Nc6 2. Nf3 d6 3. d4 Nf6 4. Nc3 g6 5. h3 Bg7 6. Be3 a6 {B00: Queen's Fianchetto Defence, Nimzowitsch Defence} (6... O-O 7. Qd2 a6 8. Bd3 e5 9. d5 Ne7 10. g4 c6 11. dxc6 bxc6 12. O-O-O d5 13. Nxe5 Nxe4 14. Bxe4 Bxe5 15. Bg2 {0-1 (27) Movsesian,S (2647)-Carlsen,M (2837) Riadh 2017}) 7. Qd2 {LiveBook: 4 Games} b5 8. a3 Bb7 {White is slightly better.} 9. Bd3 O-O 10. O-O e6 11. Bh6 Ne7 $146 ({Black should play} 11... e5 $1 $11) ({Predecessor:} 11... Re8 12. Bxg7 Kxg7 13. Rad1 Rc8 14. Rfe1 Ne7 {0-1 (66) Gratton,D-Zivkovic,J Nova Gorica 2004}) 12. e5 Nd7 13. Bxg7 Kxg7 14. exd6 cxd6 {[%cal Bc7d6,Bd6e5][%mdl 32]} 15. Qf4 Qc7 16. Ne4 {[#]} (16. Be4 $11) 16... e5 $1 $17 {[%cal Re5f4]} 17. dxe5 dxe5 18. Qh4 Rae8 19. Rad1 (19. a4 $15) 19... Nd5 {White must now prevent ...f5.} 20. Ng3 (20. c4 $17 bxc4 21. Rc1) 20... f5 $19 21. c4 {[#]} Nf4 $1 {Hoping for ...e4.} 22. Bb1 $2 (22. cxb5 Nc5 23. Be2) 22... bxc4 ({Much less strong is} 22... Bxf3 23. gxf3 bxc4 24. Rd2 $19) 23. Rfe1 Bxf3 24. gxf3 Nc5 25. Rc1 (25. Ne2 $142 Ncd3 26. Bxd3 Nxd3 27. Rf1) 25... Nce6 {Precision: White = 24%, Black = 57%.} 0-1

[Event "25th Abu Dhabi Master 2018"]
[Site "Abu Dhabi"]
[Date "2018.08.07"]
[Round "1"]
[White "Gomes, Mary Ann"]
[Black "Adly, Ahmed"]
[Result "0-1"]
[WhiteElo "2303"]
[BlackElo "2634"]
[Annotator "TA"]
[PlyCount "166"]
[EventDate "2018.08.05"]
[EventType "swiss"]
[EventCountry "UAE"]
[SourceTitle "playchess.com"]
[Source "ChessBase"]
[SourceQuality "1"]

{[%evp 10,166,54,55,50,45,59,44,47,43,44,43,46,-14,-13,-16,-18,-24,15,19,55,37,55,60,54,8,29,-3,0,0,0,0,0,0,0,0,0,0,0,0,8,0,289,293,369,339,347,347,345,340,314,342,343,339,336,329,322,330,343,325,304,260,325,344,339,331,456,451,404,441,436,430,652,632,593,400,387,397,441,426,452,345,296,210,187,121,184,209,220,26,31,40,76,19,27,21,33,9,20,0,0,0,0,0,0,0,0,-25,-6,-17,0,0,0,-309,-298,-298,-252,-470,-456,-1989,-1691,-12837,-12837,-12837,-12837,-12841,-12841,-12841,-12842,-12849,-12849,-12850,-12850,-12850,-12850,-12850,-12851,-12851,-12851,-12851,-12851,-12851,-12851,-12851,-12851,-12851,-12851,-12851,-29982,-29985,-29983,-12851,-29984,-12851,-29985,-12851,-29984,-12851,-29982]} 1. Nf3 d5 2. g3 Nf6 3. Bg2 b5 (3... e6 4. O-O Be7 5. c4 O-O 6. b3 c5 7. cxd5 Nxd5 8. Bb2 Nc6 9. d4 cxd4 10. Nxd4 Nxd4 11. Qxd4 Bf6 12. Qd2 Nf4 13. gxf4 Qxd2 14. Nxd2 Bxb2 15. Rab1 Bf6 16. Rbc1 Rd8 17. Ne4 Be7 18. Rc7 Kf8 19. Rfc1 {1-0 (49) Kramnik,V (2792)-Mamedyarov,S (2808) Paris 2018}) 4. d3 Bb7 5. Nbd2 Nbd7 6. O-O {LiveBook: 5 Games. A07: Réti Opening: New York and Capablanca Systems} e5 7. e4 Bd6 8. exd5 $146 {White is slightly better.} ({Predecessor:} 8. Nh4 O-O 9. Nf5 Re8 10. exd5 Bxd5 11. Ne4 Nxe4 12. dxe4 {0-1 (60) Burnett,J (2209)-Arkell,K (2431) Scarborough 2001}) 8... Bxd5 9. c4 bxc4 10. Nxc4 O-O 11. Nxd6 (11. b3 $14) 11... cxd6 $11 12. d4 e4 13. Nh4 {[%cal Bf3h4,Bh4f5,Bf5d6][%mdl 32]} Bc4 14. Re1 d5 15. b3 Bd3 16. Ba3 Re8 17. Qd2 Nf8 18. Nf5 (18. Bxf8 $5 Rxf8 19. Nf5 $11) 18... Ne6 19. Rac1 g6 20. Nd6 $36 {[%mdl 2048] White is more active.} Re7 {aiming for ...Rd7.} 21. f3 {[%cal Rf3e4]} Rd7 22. fxe4 dxe4 23. d5 (23. Nxe4 Bxe4 24. Bxe4 Nxe4 $15) 23... Nxd5 24. Bxe4 Qb6+ 25. Qf2 Ng5 $2 {[%mdl 8192]} (25... Bxe4 $11 {and Black has nothing to worry.} 26. Nxe4 f5) 26. Bg2 $18 Qa6 27. Qc5 Rad8 {[%cal Rd7d6]} 28. Ne8 $1 {[%csl Ga3][%cal Rc5f8]} ({Not} 28. Qxd5 Qxa3 29. Qxg5 (29. Qxd3 Rxd6 30. Qe3 Ne6 $11) 29... Rxd6 $11) ({Weaker is} 28. Bxd5 Rxd6 29. Bb2 Nh3+ 30. Kh1 Nf2+ 31. Qxf2 Rxd5 $14) 28... Qb6 ({Wrong is} 28... Ne6 $2 29. Rxe6 $1 {[%mdl 512]} Qxa3 30. Qxa3 $18) 29. Bxd5 Rxd5 30. Qxb6 axb6 31. Nf6+ Kg7 32. Nxd5 Rxd5 33. Re8 Bb5 34. Bf8+ Kf6 35. Re3 Kf5 36. a4 Ba6 37. Bh6 Ne6 38. Rf3+ Kg4 39. Rxf7 g5 40. Re1 Nd4 (40... Nc5 $142 41. Bf8 Nd7) 41. Re4+ Kh5 42. Bf8 Kg6 43. Ra7 Bd3 44. Re3 Bf5 45. Rg7+ Kh5 46. Kg2 Ne6 {[#]} 47. Rf7 (47. Rxh7+ $1 $18 Bxh7 48. Rxe6) 47... Rd2+ (47... Kg6 $16 48. Rxf5 Kxf5) 48. Kf1 Kg6 49. Rxf5 $2 ({White must play} 49. Rb7 $18 Nxf8 50. Rxb6+ Kg7 51. Re7+ Kg8 52. Rb8 Rxh2 53. a5) 49... Kxf5 {[%mdl 4096] Endgame KRB-KRN} 50. Bb4 Rxh2 51. Bc3 (51. Bd6 $16 Rh6 52. Kg2) 51... Rc2 $11 52. Ke1 {Strongly threatening Kd1.} Nc7 53. Kd1 Rg2 54. Re7 Ne6 55. Rf7+ Ke4 56. Re7 Kd5 57. Be1 h5 58. b4 Nd4 59. a5 $1 b5 60. a6 Ra2 {Threatens to win with ...Ra1+.} 61. a7 $2 {[%mdl 8192]} (61. Bc3 $1 $11 Nc6 62. Rh7) 61... Ra1+ $19 62. Kd2 Nf3+ 63. Kc2 $2 (63. Kc3 {is a better defense.} Nxe1 64. Kb2) 63... Nxe1+ 64. Rxe1 (64. Kb3 $142 Nf3 65. Rb7) 64... Rxa7 {KR-KR} 65. Rh1 Ra2+ 66. Kb3 Rg2 67. Rh3 Kd4 68. Ka3 g4 69. Rxh5 Rxg3+ 70. Kb2 Kc4 71. Kc2 Rg2+ 72. Kd1 Kxb4 73. Rg5 Ka4 74. Re5 b4 75. Kc1 Ka3 76. Ra5+ Kb3 77. Re5 Rc2+ 78. Kb1 g3 79. Re3+ Rc3 80. Re2 Rf3 (80... Kc4 $19 81. Kb2 Rf3 82. Re4+ Kd3) 81. Rb2+ Kc4 82. Rc2+ Kb5 (82... Rc3 $19 83. Rg2 Rf3 84. Rc2+ Kd3) 83. Re2 Rf1+ {Precision: White = 52%, Black = 51%.} (83... b3 $19 84. Re5+ Kb4) 0-1

[Event "25th Abu Dhabi Master 2018"]
[Site "Abu Dhabi"]
[Date "2018.08.07"]
[Round "1"]
[White "Karthik, Kumar Pradeep"]
[Black "Vocaturo, Daniele"]
[Result "0-1"]
[WhiteElo "2295"]
[BlackElo "2617"]
[Annotator "TA"]
[PlyCount "86"]
[EventDate "2018.08.05"]
[EventType "swiss"]
[EventCountry "UAE"]
[SourceTitle "playchess.com"]
[Source "ChessBase"]
[SourceQuality "1"]

{[%evp 18,86,25,17,21,22,18,8,26,0,8,-2,12,14,10,11,28,25,23,25,21,6,25,0,24,0,10,8,11,13,19,12,4,0,0,0,0,-15,-15,-15,-15,-15,-15,-15,-15,-15,-4,-10,-9,-14,-14,-22,-24,-44,-8,-12,0,-50,-57,-57,-54,-220,-64,-208,-213,-673,-671,-29960,-29962,-29994,-893]} 1. d4 Nf6 2. c4 e6 3. g3 d5 4. Nf3 Bb4+ 5. Bd2 Bd6 (5... Be7 6. Bg2 O-O 7. O-O Nbd7 8. b4 c6 9. a4 Bd6 10. Qc2 e5 11. cxd5 cxd5 12. dxe5 Nxe5 13. Bc3 Re8 14. Nbd2 Nxf3+ 15. Bxf3 Bh3 {½-½ (58) So,W (2778)-Karjakin,S (2782) Stavanger 2018}) 6. Nc3 {E01: Catalan: Early deviations} O-O 7. Bg5 c6 8. Bg2 h6 9. Bxf6 Qxf6 10. O-O {LiveBook: 16 Games} Qd8 11. e3 $146 ({Predecessor:} 11. e4 dxc4 12. Nd2 e5 13. Nxc4 exd4 14. Qxd4 {0-1 (36) Lampert,J (2500)-Werle,J (2555) Germany 2017}) 11... Nd7 12. Rc1 f5 13. Ne2 g5 14. Ne1 dxc4 15. Rxc4 e5 16. dxe5 Bxe5 17. Qb3 {Threatens to win with Rxc6+.} Kh8 18. Nd3 Bg7 19. Rd1 Qe7 20. Rcc1 Ne5 21. Nxe5 Qxe5 22. Rd2 Qe7 23. Qc2 a5 24. Rcd1 a4 25. h4 Ra5 26. hxg5 hxg5 27. Nd4 f4 28. exf4 gxf4 29. gxf4 Rxf4 30. Re2 $1 {[%cal Re2e7]} Re5 31. Rxe5 Qxe5 32. Ne2 Rf8 33. Rd4 $1 {[%cal Rd4h4] [#] aiming for Rh4+.} Bf5 $36 {[%mdl 2048] Black has the initiative.} 34. Rh4+ Kg8 35. Qc4+ Be6 36. Qd3 {With the idea Qh7+.} Bf5 37. Qc4+ Rf7 {...b5 is the strong threat.} 38. Ng3 Be6 39. Qd3 $2 {[#]} (39. Qc2 $15) 39... Qe1+ $2 ({Not} 39... Bxa2 40. Qh7+ Kf8 41. Rxa4 $11) ({Better is} 39... Qf6 $1 $19 {[%cal Rf6h4]} 40. Rxa4 Qxf2+ 41. Kh1 Rf6) 40. Kh2 (40. Qf1 $1 $15 Qxf1+ 41. Nxf1) 40... Qxf2 $19 ({Don't blunder} 40... Rxf2 $2 41. Re4 $18) 41. Rxa4 $2 (41. Qd8+ Rf8 42. Qg5) 41... Bd5 {[%csl Gd5][%cal Rf2g2]} 42. Ra8+ Bf8 {[%csl Gd5][%cal Rf2g2]} 43. Ne4 Rh7+ {Precision: White = 39%, Black = 73%.} 0-1

[Event "25th Abu Dhabi Master 2018"]
[Site "Abu Dhabi"]
[Date "2018.08.07"]
[Round "1"]
[White "Daneshvar, Bardiya"]
[Black "Petrosian, Tigran L"]
[Result "1/2-1/2"]
[WhiteElo "2290"]
[BlackElo "2610"]
[Annotator "TA RC"]
[PlyCount "55"]
[EventDate "2018.08.05"]
[EventType "swiss"]
[EventCountry "UAE"]
[SourceTitle "playchess.com"]
[Source "ChessBase"]
[SourceQuality "1"]

{[%evp 20,55,12,2,12,7,6,0,22,31,99,100,131,134,119,110,117,130,122,110,114,116,115,113,115,116,108,108,134,117,102,123,105,113,100,8,4,0]} 1. Nf3 d5 2. c4 c6 3. cxd5 cxd5 4. d4 Nc6 5. Nc3 Nf6 6. Bf4 a6 7. e3 Bg4 8. Be2 e6 9. O-O Bd6 10. Bxd6 Qxd6 11. Nd2 {LiveBook: 17 Games. D13: Slav Defence: Exchange variation without ...Bf5} Bf5 (11... Bxe2 12. Qxe2 O-O 13. Nb3 Nd7 14. Rfc1 Rac8 15. Na4 Rc7 16. a3 Rfc8 17. Rc3 Ncb8 18. Rac1 Rxc3 19. Rxc3 Rxc3 20. Nxc3 {½-½ (26) Zhou,W (2603)-Malakhov,V (2689) China 2018}) 12. Rc1 O-O 13. Na4 $146 ({Predecessor:} 13. Nb3 b5 14. a3 e5 15. dxe5 Nxe5 16. Nd4 Be6 17. h3 Rab8 18. Qb3 Nc4 19. Rfd1 Rfd8 {0-1 (37) Aguero Arce,M (2033)-Toniutti,E (2260) Mar del Plata 2016}) 13... Na5 14. Nc5 b6 ({Black should try} 14... b5 $14) 15. Nxa6 $16 Nc4 16. Nxc4 ({Worse is} 16. Bxc4 dxc4 17. Nxc4 Qe7 $17) 16... dxc4 17. Bxc4 b5 18. Bxb5 {Hoping for Rc6.} Rxa6 19. Bxa6 Qxa6 20. Qb3 h5 21. h3 Ra8 22. a3 g5 23. f3 g4 {[#]} 24. e4 $1 Bg6 25. fxg4 Nxe4 26. gxh5 Bxh5 27. d5 ({White should play} 27. Rce1 $16 Bg6 28. Rf4) 27... exd5 $11 28. Qxd5 {Precision: White = 64%, Black = 48%.} 1/2-1/2

[Event "25th Abu Dhabi Master 2018"]
[Site "Abu Dhabi"]
[Date "2018.08.07"]
[Round "1"]
[White "Sharma, Dinesh Kumar"]
[Black "Tabatabai, M Amin"]
[Result "1-0"]
[WhiteElo "2275"]
[BlackElo "2590"]
[Annotator "TA"]
[PlyCount "151"]
[EventDate "2018.08.05"]
[EventType "swiss"]
[EventCountry "UAE"]
[SourceTitle "playchess.com"]
[Source "ChessBase"]
[SourceQuality "1"]

{[%evp 24,151,54,42,37,19,49,45,45,39,54,58,130,120,136,77,85,91,93,96,127,129,113,95,362,-20,195,211,402,402,399,399,405,392,393,403,378,357,380,269,322,303,404,402,383,390,413,406,614,606,698,587,539,483,467,406,406,402,474,465,417,371,364,352,589,569,579,581,574,573,557,556,660,555,741,708,1008,1003,950,993,885,771,1447,1365,29967,29969,29968,29970,29956,29970,29962,29971,29971,799,29971,29973,29970,29974,1754,1331,29982,29983,29983,29984,29989,29987,29989,29986,29983,29981,29994,29988,29990,29991,29991,29991,29991,29990,29993,29992,29995,29993,29993,29994,29996,29997,29997,29998,29998,29999]} 1. e4 e5 2. Nf3 Nc6 3. d4 exd4 4. Nxd4 Nf6 5. Nxc6 bxc6 6. e5 Qe7 7. Qe2 Nd5 8. c4 Nb6 9. Nc3 Qe6 10. Qe4 Bb4 11. Bd2 {C45: Scotch Game} a5 (11... Ba6 12. b3 Bxc3 13. Bxc3 d5 14. Qh4 dxc4 15. Rc1 Qg6 16. g3 O-O 17. Be2 c5 18. O-O Bb7 19. bxc4 Rad8 20. Rcd1 Rxd1 21. Rxd1 Qc2 22. Rd8 {½-½ (22) Motylev,A (2660)-Jakovenko,D (2712) Poikovsky 2016}) 12. Bd3 Ba6 13. b3 {[#] LiveBook: 10 Games. White is slightly better.} g6 $146 ({Predecessor:} 13... d5 14. exd6 cxd6 15. a3 Bxc3 16. Bxc3 a4 17. Bxg7 Rg8 {1-0 (29) Dzhumaev,M (2495)-Jumabayev,R (2557) Voronezh 2010}) 14. h4 {[%cal Bh2h4,Bh4h5][%mdl 32]} O-O 15. O-O-O $1 d5 16. exd6 $1 Qxd6 17. h5 f5 (17... Rae8 $14 18. Qf3 Rd8) 18. Qf3 $1 $36 {[%mdl 2048] And now hxg6 would win. Keeping Black busy.} Rad8 19. Bc2 (19. Kc2 $142) 19... Qf6 20. hxg6 hxg6 21. Rh3 a4 {next ...Nxc4! is good for Black.} 22. Rdh1 Ba3+ 23. Kd1 Bb2 $2 {[%mdl 8192] [#]} (23... Bxc4 $16 24. bxc4 Nxc4 25. Rh8+ Qxh8 26. Rxh8+ Kxh8) 24. Ne2 $2 {[#]} ({White should try} 24. Bxf5 $1 $18 {[%mdl 512] Threatening mate with Be6+!} Rxd2+ (24... Qxf5 25. Rh8+) 25. Kxd2 Bxc3+ 26. Qxc3 Qxc3+ 27. Kxc3 Rxf5 28. Rh8+ Kf7 29. R1h7+ Ke6 30. Re8+ Kd6 31. Rd8+ Ke5 32. Re7+ Kf4 33. Rxc7) 24... Rf7 $2 (24... axb3 25. axb3 c5 26. Ke1 $16) (24... Bxc4 $1 $11 {[%mdl 512] and Black has nothing to worry.} 25. Rh8+ (25. bxc4 Nxc4 26. Bd3 Ne5 $15) 25... Qxh8 26. Rxh8+ Bxh8 27. bxa4 Rd7) 25. Ke1 $18 Re7 $2 {[#]} (25... axb3 {was necessary.} 26. axb3 Rfd7 27. Rh8+ Qxh8 28. Rxh8+ Bxh8) 26. Rh8+ $1 {[%mdl 512]} Qxh8 27. Rxh8+ Bxh8 28. Bg5 Nd5 29. Bxe7 Nxe7 30. g4 axb3 31. axb3 {[%cal Rg4f5]} Bc8 32. gxf5 gxf5 33. Qg3+ Kf7 34. Qxc7 Rd7 35. Qh2 Bg7 (35... Bf6 $142 36. Ng3 Rd6 37. Qh5+ Kf8 38. Bxf5 Nxf5 39. Nxf5 Bxf5 40. Qxf5 Ke7 41. Qh7+ Ke8) 36. Qh5+ Kf6 37. Ng3 Rd8 38. Qf3 Bh6 39. Nh5+ Kf7 40. Nf4 Kf6 41. Bd1 Rd4 42. Ne2 Rd6 43. Ng3 {Threatens to win with Ne4+.} Rd4 $2 (43... Kf7 44. Bc2 Kf8) 44. Kf1 c5 45. Qc3 Bd2 46. Qa1 Ke6 47. Bf3 Bb4 48. Qa8 Kf6 49. Qb8 Rd3 50. Be2 Rd4 51. Nh5+ Ke6 52. Nf4+ Kf6 53. Qb6+ Kg7 54. Nh5+ Kf7 55. Qf6+ Ke8 56. Ng7+ Kd7 57. Qe6+ Kd8 58. Qb6+ Kd7 59. Bh5 {[%csl Gg7][%cal Rh5e8]} Ng8 60. Qe6+ Kc7 61. Qxg8 f4 62. Ne6+ {White mates.} Bxe6 63. Qxe6 Bd2 64. Bf3 Bb4 65. Bd5 Kd8 66. Kg2 Kc7 67. Kf3 Kd8 68. Kg4 Rd2 69. Qd6+ Kc8 70. f3 Rd4 71. Kf5 Rd2 72. Ke6 Re2+ 73. Be4 Rd2 74. Qc6+ Kd8 75. Qa8+ Kc7 76. Qb7+ {Precision: White = 86%, Black = 37%.} 1-0

[Event "25th Abu Dhabi Master 2018"]
[Site "Abu Dhabi"]
[Date "2018.08.07"]
[Round "1"]
[White "Kushagra, Mohan"]
[Black "Jojua, Davit"]
[Result "0-1"]
[WhiteElo "2270"]
[BlackElo "2583"]
[Annotator "TA"]
[PlyCount "72"]
[EventDate "2018.08.05"]
[EventType "swiss"]
[EventCountry "UAE"]
[SourceTitle "playchess.com"]
[Source "ChessBase"]
[SourceQuality "1"]

{[%evp 13,72,47,44,38,37,-12,49,45,48,49,71,64,81,59,71,65,71,69,69,61,71,61,71,66,63,65,66,58,66,-27,0,-43,-22,-90,-58,-62,-63,-103,-17,-34,0,-16,-15,-53,-15,-11,-9,-504,-493,-697,-695,-652,-513,-760,-726,-1463,-1328,-1760,-1685,-29991,-29988]} 1. e4 g6 2. d4 Bg7 3. Nf3 d6 4. Bc4 e6 5. Bb3 Nd7 (5... Ne7 6. O-O O-O 7. Re1 Nd7 8. c3 a6 9. Nbd2 b5 10. Nf1 c5 11. Ng3 Bb7 12. Bf4 e5 13. Be3 exd4 14. cxd4 {0-1 (40) Grandelius,N (2653)-Dubov,D (2677) Germany 2017}) 6. O-O {B06: Modern Defence} b6 7. Re1 Bb7 {LiveBook: 5 Games} 8. c3 {White is slightly better.} Ngf6 9. d5 $146 ({Predecessor:} 9. Nbd2 O-O 10. h3 e5 11. a4 a6 12. Ba2 Re8 13. b4 {0-1 (50) Dragojlovic,A (2395)-Ibragimov,I (2575) Nice 2000}) 9... e5 (9... Nc5 $11) 10. c4 $14 O-O 11. Nc3 h6 12. Bc2 Nh7 13. g3 Ng5 14. Nxg5 hxg5 15. Qg4 Bf6 16. Be3 Kg7 17. b4 Rh8 18. Ba4 Bc8 19. Qe2 a6 20. Bc6 Rb8 21. Na4 ({Better is} 21. g4 $14) 21... Be7 $1 $11 22. Rac1 g4 23. c5 {[#]} (23. Rf1 $11) 23... Nf6 $1 $17 {[%cal Bd7f6,Bf6h7,Bh7g5][%mdl 32]} 24. cxb6 cxb6 25. b5 a5 (25... axb5 $17 26. Bxb5 (26. Qxb5 Qg8 $17) 26... Nxe4) 26. Rc4 Rh3 27. Kg2 Nh7 28. Bxb6 Rxb6 29. Nxb6 Qxb6 30. Qe3 $2 {[%mdl 8192] [#]} (30. Be8 $1 $11 {and White stays safe.} Bb7 31. Bc6) 30... Qd8 $1 $19 31. b6 (31. Rh1 $142 Ng5 32. Kf1) 31... Ng5 32. Rh1 {Black should prevent b7.} Ba6 33. b7 Bxc4 34. Qa7 Rh8 35. b8=Q Qxb8 36. Qxe7 Be2 {Precision: White = 26%, Black = 53%.} 0-1